|
|
|
|
| LEADER |
00000nam a2200000 a 4500 |
| 001 |
vtls001393683 |
| 003 |
SK-MaSNL |
| 005 |
20260301182146.0 |
| 008 |
251031s1999 xo a r 0 slo |
| 015 |
|
|
|a SNBA2000/11-04073
|
| 020 |
|
|
|a 8071454230
|
| 035 |
|
|
|a SNK000347996
|
| 040 |
|
|
|a SNK
|b slo
|c SNK
|e AACR2
|
| 041 |
0 |
|
|a slo
|
| 044 |
|
|
|a xo
|c SK
|
| 080 |
|
|
|a 641.5(593)(083.12)
|2 1981
|
| 130 |
1 |
0 |
|a Step by step thai cooking
|l Slovensky
|9 555644
|
| 245 |
1 |
|
|a Thajská kuchyňa
|c [z anglického originálu preložila Nataša Holinová]
|
| 260 |
|
|
|a Bratislava
|b Slovart
|c [1999]
|
| 300 |
|
|
|a 64 s.
|b fareb. fotogr.
|c 20 cm
|
| 500 |
|
|
|a Ilustr. na tit. strane
|
| 500 |
|
|
|a Údaj o prekl. prevzatý z tiráže
|
| 504 |
|
|
|a Slovníček. Reg.
|
| 650 |
0 |
7 |
|a jedlá thajské
|x príprava
|x predpisy kuchárske
|2 SNK
|9 555645
|
| 655 |
|
7 |
|a príručky
|2 SNK
|9 74364
|
| 700 |
1 |
|
|a Holinová, Nataša
|4 trl
|9 65539
|
| 730 |
|
|
|t Step by step thai cooking
|9 555646
|
| 919 |
|
|
|a 80-7145-423-0
|
| 958 |
|
|
|a TL
|
| 958 |
|
|
|a OP
|
| 958 |
|
|
|a NS
|
| 968 |
|
|
|b ENG
|
| 999 |
|
|
|c 852639
|d 854569
|
| 952 |
|
|
|t P60, <03>, [BOOK], {603}
|a SNK
|b SNK
|y PREZ
|7 0
|p 17A0247211
|o snkSD 70980
|i snkKSP 7820/2000
|0 0
|1 0
|4 0
|d 2000-08-01
|l 0
|r 2005-01-02 00:00:00
|w 2026-02-24
|
| 952 |
|
|
|t P60, <04>, [BOOK], {604}
|a SNK
|b SNK
|y VYP
|7 0
|p 17A0247212
|o snkSD 70980 D1
|i snkKSP 7821/2000
|0 0
|1 0
|4 0
|d 2000-08-01
|l 0
|r 2005-01-02 00:00:00
|w 2026-02-24
|